Commonest Four-Letter English Words Quiz Stats

Quiz Updated Dec 26, 2012

Challenge
Share
Tweet
Embed
Score 0/34 Timer 05:00
0 Plays Today
Rank Word % Correct
10that
72.9%
42when
69.8%
33what
67.5%
60then
62.8%
25this
62.5%
20they
57.5%
24have
55.6%
41your
55.4%
61them
52.4%
64like
45.2%
56will
43%
39were
43%
26from
42.3%
91than
40.7%
76more
36.1%
16with
34.6%
80come
34.6%
Rank Word % Correct
98been
33.3%
32some
31.6%
85most
31.1%
88over
30.3%
54time
29.1%
69make
28.7%
47said
28.6%
45word
26.8%
75look
23.9%
89know
23.1%
59many
20.3%
96down
18.2%
92call
14%
100find
13.6%
49each
12.2%
68long
9.4%
97side
5.7%

You're not logged in!

Compare scores with friends on all Sporcle quizzes.
Sign Up with Email
OR
Log In

You Might Also Like...

Show Comments

Extras

Top Quizzes Today


Score Distribution

Your Account Isn't Verified!

In order to create a playlist on Sporcle, you need to verify the email address you used during registration. Go to your Sporcle Settings to finish the process.